000 00561nam a2200241 a 4500
001 nice12345678
003 IN_TiNIC
005 20260116012056.0
008 050524s1950 hyda grp 000 0 urd
020 _a
_c100
082 0 0 _a297.831
_bMAH
100 _aMahdavia Press,
245 _aMahzarah Shah Dilawar
260 _aHyderabad
_bMahmood Press
_c1950
300 _a29p
500 _aincludes index and biblioraphy
505 2 _aIndex
650 _aMahdavia
700 1 _aMahdavia Press,
902 _bSRS
942 _cBK
999 _c5543
_d5543